| 000 | 00812caa a22002417a 4500 | ||
|---|---|---|---|
| 999 |
_c410601 _d410601 |
||
| 001 | 123513 | ||
| 003 | UA-OsUOA | ||
| 005 | 20191217190530.0 | ||
| 007 | ta | ||
| 008 | 20170619b un ||||| |||| 00| 0 ukr d | ||
| 040 |
_aUA-OsUOA _bukr _cUA-OsUOA _dUA-OsUOA |
||
| 041 | _aukr | ||
| 080 | _a908 | ||
| 090 |
_a908 _bТ41 |
||
| 100 | _aТимощук І. | ||
| 245 |
_aЛейб-гвардії Преображенський полк в Острозі _cІ. Тимощук |
||
| 300 | _aС. 43–45 | ||
| 650 | 7 |
_a908 Краєзнавство _2UDC |
|
| 773 | 0 |
_0399319 _9416567 _dОстрог НаУОА 2015 _o148882 _tОстрозький краєзнавчий збірник _w(UA-OsUOA) 113462 |
|
| 942 |
_cBKA _2udc |
||
| 955 | _a1 | ||